Preisträger des Bravo Otto Gold (Bester Sänger) - Statistiken

Allgemein
  • Dieses Quiz wurde 44 mal gespielt
    12 seit der letzten Aktualisierung
  • Das Durchschnittsergebnis liegt bei 19 aus 33
Antwortstatistiken
Bildquiz Hint Antwort % Korrekt
Vereinigtes Königreich / 2015 / Photograph Ed Sheeran
92%
Österreich / 1985, 1986 / Rock Me Amadeus, Jeanny (Part I) (†) Falco
92%
Kanada / 2010, 2011 / Baby, Mistletoe Justin Bieber
92%
Deutschland / 1990 / Verdammt, ich lieb’ Dich Matthias Reim
92%
Vereinigte Staaten / 1988, 1992, 1993, 1994, 1995, 2009 / I Just Can’t Stop Loving You, Black or White, Heal the World, Give In to Me, Earth Song, The Girl Is Mine 2008 (†) Michael Jackson
92%
Vereinigtes Königreich / 2001, 2002 / Rock DJ, Feel Robbie Williams
92%
Deutschland / 1966 / Marmor, Stein und Eisen bricht (†) Drafi Deutscher
75%
Österreich / 1960, 1961, 1962, 1963 / Die Gitarre und das Meer, Melodie der Nacht, La Paloma, Junge, komm bald wieder Freddy Quinn
75%
Vereinigte Staaten / 2003, 2006 / Cry Me a River, SexyBack Justin Timberlake
75%
Deutschland / 2021 / Leere Hände Nico Santos
75%
Deutschland / 1998, 1999 / Flugzeuge im Bauch, So bist du (und wenn du gehst …) Oli P.
75%
Vereinigte Staaten / 2005 / Love to Be Loved by You Marc Terenzi
67%
Deutschland / 1967, 1968, 1969, 1970 / Leg Dein Herz in meine Hände, Schenk mir ein Souvenir, Ich denk’ an Dich, Dein schönstes Geschenk (†) Roy Black
67%
Vereinigte Staaten / 2004 / Yeah! Usher
67%
Deutschland / 2019, 2020, 2022, 2023, 2024 / An Wunder, Kaum erwarten, Wer wenn nicht wir, Morgen, Spring Wincent Weiss
67%
Deutschland / 2007 / I’m Lovin… (L.R.H.P.) Jimi Blue Ochsenknecht
58%
Deutschland / 1972 / Eine neue Liebe ist wie ein neues Leben (†) Jürgen Marcus
58%
Deutschland / 2000 / I Feel Lonely Sasha
58%
Kanada / 1991 / (Everything I Do) I Do It for You Bryan Adams
50%
Kanada / 2016, 2017, 2018 / Stitches, Treat You Better, There’s Nothing Holdin’ Me Back Shawn Mendes
50%
Vereinigte Staaten / 1997 / Crush on You (†) Aaron Carter
42%
Deutschland / 1971, 1972 / Ich bin verliebt in die Liebe, Hab' ich Dir heute schon gesagt, dass ich Dich liebe? (†) Chris Roberts
42%
Vereinigte Staaten / 1973, 1974, 1975 / Rock Me Baby, I Am a Clown, If I Didn’t Care (†) David Cassidy
42%
Vereinigtes Königreich / 1983, 1984 / Only for Love, The NeverEnding Story Limahl
42%
Finnland / 2013 / No Matter What They Say Samu Haber
42%
Vereinigte Staaten / 1976, 1977 / That’s Rock’n’Roll, Hey Deanie Shaun Cassidy
42%
Vereinigtes Königreich / 1964, 1965 / Lucky Lips, Das ist die Frage aller Fragen (Spanish Harlem) Cliff Richard
33%
Vereinigte Staaten / 1978, 1979, 1980 / Surfin’ U.S.A., I Was Made for Dancin’, Feel the Need Leif Garrett
33%
Vereinigtes Königreich / 1981, 1982 / You Drive Me Crazy, Oh Julie Shakin’ Stevens
33%
Deutschland, Italien / 2012 / Absolutely Right Daniele Negroni
25%
Vereinigtes Königreich / 1996 / Mysterious Girl Peter André
25%
Australien / 1989 / Sealed with a Kiss Jason Donovan
17%
Italien / 1987 / Don’t Break My Heart Den Harrow
8%
Keine übereinstimmenden Quizze gefunden
Verteilung der Resultate
Anzahl Personen mit jedem Resultat
Perzentil nach korrekt beantworteten Fragen
Ihre Resultats-Entwicklung
Sie haben dieses Quiz seit der letzten Aktualisierung nicht gespielt